000 00508cam a2200181ua 4500
020 _c250.00
041 _aeng
_h
082 _a633.83
_bPRU/MI
100 _aPruthi, J .S.
245 _aMinor spices and condiments crop management and post-harvest technology /
_cJ. S Pruthi.
_hTextual Documents
260 _aNew Delhi :
_bIndian Agricultural Research Institute ,
_c2001.
300 _a782 ; .
365 _a250.00
500 _a**Reference
504 _a
942 _cBK
999 _c4783
_d4783